| 000 | 00341nam a2200121Ia 4500 | ||
|---|---|---|---|
| 008 | 220120s9999||||xx |||||||||||||| ||und|| | ||
| 020 | _a9788126509041 | ||
| 100 | _aKotur, P B | ||
| 245 | 0 | _aObject oriented programming C++ | |
| 260 |
_aSapna book house _bNew Delhi _c2006 |
||
| 300 |
_axvi;816 _b549 |
||
| 650 | _aELECTRONICS AND COMMUNICATIONS | ||
| 999 |
_c132493 _d132493 |
||